Hồi ức của một thiên tài đầu tư chứng khoán
Sách là một câu chuyện về cuộc đời của Jesse Livermore, một trong những nhà đầu cơ xuất sắc nhất mọi thời đại.
Sparad:
| Huvudupphovsman: | |
|---|---|
| Materialtyp: | Bok |
| Språk: | Undetermined |
| Publicerad: |
Hà Nội
Lao động - Xã hội
2007
|
| Ämnen: | |
| Taggar: |
Lägg till en tagg
Inga taggar, Lägg till första taggen!
|
| Thư viện lưu trữ: | Trung tâm Học liệu Trường Đại học Cần Thơ |
|---|
| LEADER | 00798nam a2200205Ia 4500 | ||
|---|---|---|---|
| 001 | CTU_133497 | ||
| 008 | 210402s9999 xx 000 0 und d | ||
| 020 | |c 69000 | ||
| 082 | |a 332.642 | ||
| 082 | |b L493 | ||
| 100 | |a Lefèvre, Ledwin | ||
| 245 | 0 | |a Hồi ức của một thiên tài đầu tư chứng khoán | |
| 245 | 0 | |c Ledwin Lefe'vre | |
| 260 | |a Hà Nội | ||
| 260 | |b Lao động - Xã hội | ||
| 260 | |c 2007 | ||
| 520 | |a Sách là một câu chuyện về cuộc đời của Jesse Livermore, một trong những nhà đầu cơ xuất sắc nhất mọi thời đại. | ||
| 650 | |a Stock exchanges.,Thị trường chứng khoán | ||
| 904 | |i Trọng Hải | ||
| 980 | |a Trung tâm Học liệu Trường Đại học Cần Thơ | ||